| 000 | 01113 a2200217 4500 | ||
|---|---|---|---|
| 005 | 20080922124312.0 | ||
| 008 | 080922t xxu||||| |||| 00| 0 hin d | ||
| 010 | _aHIN-81311 | ||
| 020 |
_c200.00 _a8190269739 |
||
| 035 | _aHN-53657 | ||
| 037 | _bD.B.Act / pub | ||
| 082 | _a808.84 | ||
| 100 | _aअजय प्रकाश | ||
| 245 |
_aविश्व शक्ति के रूप में उभरता भारत _cअजय प्रकाश |
||
| 260 |
_aइलाहाबाद _bअमरेश प्रकाशन _c2007 |
||
| 270 |
_a6, अलोपी बाग _bइलाहाबाद |
||
| 300 |
_a168पृ _c22 सेमी (सजिल्द) |
||
| 942 |
_adpl _cHN _k808.84 / अजय _2ddc _h808.84 _mअजय |
||
| 999 |
_c8162 _d8162 |
||